Rozvoj odvětví vnitřního obchodu Shrnutí výsledků výzkumu za 7. pětiletku

Saved in:
Bibliographic Details
Main Author: Rulf, Vladimír
Format: Book
Language:Czech
Published: Praha Výzkumný ústav obchodu 1986
Series:Knižnice VÚO 199
Tags: Add Tag
No Tags, Be the first to tag this record!

MARC

LEADER 00000nam a2200000 4500
001 c040401
005 20251110134746.6
041 0 |a cze 
044 |a CZ 
245 1 0 |a Rozvoj odvětví vnitřního obchodu  |b Shrnutí výsledků výzkumu za 7. pětiletku  |c Vladimír Rulf 
264 1 |a Praha  |b Výzkumný ústav obchodu  |c 1986 
300 |a 64 s. 
490 1 |a Knižnice VÚO  |v 199 
830 0 |a Knižnice VÚO  |v 199 
100 1 |a Rulf, Vladimír